Thomson Business Journal

Bibliographic Details
Format: Unknown
Language:Multiple languages
Published: Nueva York, N.Y. : Cengage Learning
Subjects:
Online Access:Acceso restringido

MARC

LEADER 00000ny a22000003n 4500
005 20110512112918.0
008 071017c20039999us ur pss 0 a0mul d
022 |a 1665-613X 
035 |a 3205 
040 |a BUS  |d vLex 
090 |c 1753  |d 1753 
245 3 0 |a Thomson Business Journal  |h [Recurso electrn̤ico] 
256 |a Servicio en ln̕ea 
260 |a Nueva York, N.Y. :  |b Cengage Learning 
506 1 |a Contenido solo disponible en los productos indicados  |d vLex Global  |d vLex Global (Academic Edition, excluding Law Schools)  |d vLex Global (Academic Edition, Law Schools) 
650 0 4 |a Marketing  |x Publicaciones perid̤icas 
650 0 4 |a Negocios  |x Publicaciones perid̤icas 
740 0 |a vLex Revista (Servicios en ln̕ea) 
843 |a Electrn̤ica. Cerrada 
853 |8 1  |i (year)  |j (month)  |k (day) 
856 4 0 |z Acceso restringido  |u http://vlex.com/account/login_ip?fuente_id=3205  
942 |c REV